000 00380ntaaa2200157 4500
003 01
005 20251027201922.0
008 0714s1973 ag 01
040 _aAR-BaBN
_bspa
_cAR-BaBN
_eaacr
_dRIC
082 _a244.2000 M18
100 _aMcIlroy, Minnie D.
245 _aDecisión
250 _a1 ed. :
_bJunta Nautista de Publicaciones,
_cc1949
300 _a93 p.
942 _cBK
999 _c13919
_d13919